00772 a2200217 4500020002300000035001300023037004400036082001100080090001500091100002300106245005700129250001300186260004500199270006900244300002900313500003100342700002300373942002300396999001500419952012000434 a0195669061c275.00 aB-210729 bRP-ZLS-2754 / UBH-07-08:4/ RP-07-08:ENG14a330.00 c5452d54521 aLipsey, Richard G.1 aEconomicscby Richard G. Lipsey and K. Alex Chrustal a10th ed. aNew DelhibOxford University Pressc2007 aYMCA Library Building, Jai Singh Road,bNew DelhicDelhie110001 axix, 699 pc26 cm (pbk) ainclude glossary & indes x aChrystal , K. Alex adplcENk330 / LIP c5346d5346 00102ddc4070aZLSbZLSeDBAD/PUBg275.00l0o330pB-210729r2008-09-15 00:00:00t1u5685v275.00w2008-09-15yEN